|
|
|
|
| LEADER |
00000cam a2200000 a 4500 |
| 001 |
vtls011569876 |
| 003 |
SK-MaSNL |
| 005 |
20260426012718.0 |
| 008 |
240318s2016 xo d g n 000 0 slo |
| 015 |
|
|
|a SNBA2016/09
|
| 020 |
|
|
|a 9788055809946
|q (brožované)
|
| 035 |
|
|
|a EF63E0C9-8D0F-4D31-8AFC-4512360AB762
|
| 035 |
|
|
|a urn:nbn:sk:snk-amtgtx
|
| 035 |
|
|
|a urn:nbn:sk:snk-am00by15
|
| 040 |
|
|
|a SNK
|b slo
|c SNK
|e AACR2
|
| 041 |
0 |
|
|a slo
|
| 043 |
|
|
|a e-xo---
|
| 044 |
|
|
|a xo
|c SK
|
| 072 |
|
7 |
|a 316.3
|x Globálne spoločnosti. Sociálna štruktúra. Sociálne skupiny
|2 konspekt
|
| 080 |
|
|
|a 343.3/.7
|2 2011
|
| 080 |
|
|
|a (=214.58)
|2 2011
|
| 080 |
|
|
|a 316.356.4
|2 2011
|
| 080 |
|
|
|a (437.6)
|2 2011
|
| 080 |
|
|
|a (048.8)
|2 2011
|
| 100 |
1 |
|
|a Štrbová, Monika,
|d 1975-
|4 aut
|9 260043
|
| 245 |
1 |
0 |
|a Kriminalita a Rómovia
|c Monika Štrbová
|
| 260 |
|
|
|a Nitra
|b Univerzita Konštantína Filozofa, Filozofická fakulta
|c 2016
|
| 300 |
|
|
|a 82 s.
|b grafy, tab.
|c 21 cm
|
| 366 |
|
|
|e 150 výt.
|
| 504 |
|
|
|a Bibliogr.: s. 73-82 ; pozn.
|
| 650 |
0 |
7 |
|a kriminalita
|2 SNKPH
|9 2180
|
| 650 |
0 |
7 |
|a Rómovia
|2 SNKPH
|9 1702
|
| 650 |
0 |
7 |
|a Crime
|2 SNKPHeng
|9 267400
|
| 650 |
0 |
7 |
|a Romanies
|2 SNKPHeng
|9 302857
|
| 650 |
0 |
7 |
|a etnické skupiny
|2 SNKPH
|9 1669
|
| 650 |
0 |
7 |
|a Ethnic groups
|2 SNKPHeng
|9 280363
|
| 651 |
|
7 |
|a Slovensko
|2 SNKPH
|9 14231
|
| 651 |
|
7 |
|a Slovakia
|2 SNKPHeng
|9 92630
|
| 655 |
|
7 |
|a monografie
|2 SNKPH
|9 70139
|
| 655 |
|
7 |
|a Monographs
|2 SNKPHeng
|9 120675
|
| 852 |
|
|
|a Štátna vedecká knižnica v Banskej Bystrici
|
| 919 |
|
|
|a 978-80-558-0994-6
|
| 958 |
|
|
|a TL
|
| 958 |
|
|
|a NB
|
| 958 |
|
|
|a NM
|
| 958 |
|
|
|a RQ
|
| 999 |
|
|
|c 1103813
|d 1105743
|
| 952 |
|
|
|a SNK
|b SNK
|y PREZ
|7 0
|p 17A1200093
|o snkSC 170790
|i snk2016/18398
|8 0
|0 0
|1 0
|4 0
|d 2016-08-02
|f 1
|l 0
|r 2025-09-08 00:00:00
|w 2026-02-24
|
| 952 |
|
|
|a SNK
|b SNK
|y VYP
|7 0
|p 17A1200094
|o snkSC 170790 D1
|i snk2016/18399
|8 0
|0 0
|1 0
|4 0
|d 2016-08-02
|l 0
|r 2026-02-24 17:38:19
|w 2026-02-24
|